01383nam a2200277 a 4500001001200000003000800012006001900020007001500039008004100054010001700095020001500112040002100127035002100148050002700169082002500196245033200221260005500553300003500608504004100643533015200684650008000836655002900916710001700945856012600962999001701088ebr10068459CaPaEBRm u cr cn|||||||||960705s1996 dcua sb 000 0 eng  z 96069080  z0309055393 aCaPaEBRcCaPaEBR a(OCoLC)72682311414aTD813.3.N5bR48 1996eb04a363.72/895/0974722100aReview of New York State low-level radioactive waste siting processh[electronic resource] /cCommittee to Review New York State's Siting and Methodology Selection for Low-Level Radioactive Waste Disposal ; Board on Radioactive Waste Management, Commission on Geosciences, Environment, and Resources, National Research Council. aWashington, D.C. :bNational Academy Press,c1996. a1 v. (various pagings) :bill. aIncludes bibliographical references. aElectronic reproduction.bPalo Alto, Calif. :cebrary,d2013.nAvailable via World Wide Web.nAccess may be limited to ebrary affiliated libraries. 0aLow level radioactive waste disposal facilitiesxLocationzNew York (State) 7aElectronic books.2local2 aebrary, Inc.40uhttp://site.ebrary.com/lib/rucke/Doc?id=10068459zAn electronic book accessible through the World Wide Web; click to view c28452d28452